Introduction to South African Law and Legal Theory / (Record no. 3265)

MARC details
000 -LEADER
fixed length control field 00546nam a22001817a 4500
005 - DATE AND TIME OF INPUT
control field 20241203131150.0
008 - DATA ELEMENTS--GENERAL INFORMATION
fixed length control field 241203b |||||||| |||| 00| 0 eng d
020 ## - INTERNATIONAL STANDARD BOOK NUMBER
International Standard Book Number 0409033480
041 ## - LANGUAGE CODE
Language code of text English
082 ## - SHELF NUMBER
DDC number 340.1 INT
100 ## - MAIN AUTHOR
Language of a work English
245 ## - TITLE STATEMENT
Title Introduction to South African Law and Legal Theory /
Statement of responsibility, etc. WJ Hosten et al.
250 ## - EDITION STATEMENT
Edition statement Revised Reprint
260 ## - PUBLICATION, DISTRIBUTION, ETC.
Place of publication, distribution, etc. Durban:
Name of publisher, distributor, etc. Butterworth and Company Ltd,
Date of publication, distribution, etc. 1980
300 ## - PHYSICAL DESCRIPTION
Other physical details xv, 948 pages;
Dimensions 27 cm.
650 ## - SUBJECT`
Broad subject Legal practice
Own subject terms Law
942 ## - ADDED ENTRY ELEMENTS (KOHA)
Item type Books
942 ## - ADDED ENTRY ELEMENTS (KOHA)
-- ALISON_BN_VRIES
Holdings
Source of classification or shelving scheme Not for loan Collection code Home library Current library Shelving location Date acquired Full call number Barcode Price effective from Koha item type
Dewey Decimal Classification   SOUTH AFRICAN LAW REPORTS LAW SOCIETY OF NAMIBIA LIBRARY - WINDHOEK LAW SOCIETY OF NAMIBIA LIBRARY - WINDHOEK The law of South Africa (laws) 12/03/2024 340.1 INT LSN/1987/236 12/03/2024 Books